| 000 | 00385pab a2200133 454500 | ||
|---|---|---|---|
| 008 | 180718b xxu||||| |||| 00| 0 eng d | ||
| 100 | _aBanerjee D. | ||
| 245 | _aSoutheast Asia and India: emerging opportunities | ||
| 362 | _a17(6), Sep 1994, p.703-15 | ||
| 650 | _a International Economic Relations | ||
| 650 | _aInternational Relations | ||
| 773 | _aStrategic Analysis | ||
| 909 | _a27391 | ||
| 999 |
_c27391 _d27391 |
||